Statistics for Croatia National Football Team

Click here to take the quiz!

General Stats

  • This quiz has been taken 648 times
    (558 since last reset)
  • The average score is 8 of 17

Answer Stats

GoalsCapsPlayer% Correct
24174Luka Modrić
100%
33129Ivan Perišić
81%
3389Mario Mandžukić
81%
4569Davor Šuker
78%
15106Ivan Rakitić
77%
4104Domagoj Vida
58%
22134Darijo Srna
53%
2891Andrej Kramarić
44%
20104Ivica Olić
41%
0114Stipe Pletikosa
34%
4103Vedran Ćorluka
33%
2964Eduardo da Silva
26%
3105Josip Šimunić
18%
1542Nikola Kalinić
18%
3100Dario Šimić
17%
1681Niko Kranjčar
16%
1552Goran Vlaović
14%

Score Distribution

Percentile by Number Answered

Percent of People with Each Score

Your Score History

You have not taken this quiz since the last reset